000 01434nam a2200385Ia 4500
001 ebr10546598
003 CaPaEBR
006 m u
007 cr cn|||||||||
008 111108s2012 njua sb 001 0 eng d
010 _z 2011042396
020 _z9780470683736
020 _z9781119966999
020 _z9781119967002
020 _z9781119967743
020 _z9781119967750
040 _aCaPaEBR
_cCaPaEBR
035 _a(OCoLC)794488228
050 1 4 _aTK7871.15.F5
_bT73 2012eb
082 0 4 _a621.3815/2
_223
245 0 0 _aTransparent oxide electronics
_h[electronic resource] :
_bfrom materials to devices /
_cPedro Barquinha ... [et al.].
250 _a2nd ed.
260 _aChichester, West Sussex :
_bJohn Wiley & Sons, Ltd.,
_c2012.
300 _axv, 295, [24] p. :
_bill.
504 _aIncludes bibliographical references and index.
533 _aElectronic reproduction.
_bPalo Alto, Calif. :
_cebrary,
_d2011.
_nAvailable via World Wide Web.
_nAccess may be limited to ebrary affiliated libraries.
650 0 _aSemiconductor films.
650 0 _aOxides
_xElectric properties.
650 0 _aThin film transistors.
650 0 _aTransparent semiconductors.
655 7 _aElectronic books.
_2local
700 1 _aBarquinha, Pedro.
710 2 _aebrary, Inc.
856 4 0 _uhttp://site.ebrary.com/lib/rucke/Doc?id=10546598
_zAn electronic book accessible through the World Wide Web; click to view
999 _c136881
_d136881